000 00303nam a2200121Ia 4500
008 240624s9999 xx 000 0 und d
041 _aeng
082 _a004 PRA
100 _aPRABHU C S R
245 _aGRID AND CLUSTER COMPUTING
260 _c2008
_aNew Delhi
_bPrentice-Hall of India
365 _cRS
_b36
999 _c10693
_d10693